top 15 nba scorers not in order - Statistics

General Stats
  • This quiz has been taken 7 times
  • The average score is 4 of 15
Answer Stats
Hint Answer % Correct
#13 james harden
67%
#7 kevin durant
67%
#11 kyrie irving
50%
#30 steph curry
50%
#3 anthony davis
33%
#3 chris paul
33%
#0 damian lillard
33%
#12 ja morant
33%
#1 devin booker
17%
#8 zach lavine
17%
#1 zion williamson
17%
#34 giannis atetokoumpo
0%
#32 karl anthony towns
0%
#11 klay thompson
0%
#7 kyle lowry
0%
No matching quizzes found
Score Distribution
Percent of People with Each Score
Percentile by Number Answered
Your Score History
You have not taken this quiz